000
00309nam a22001337a 4500
008
180115b xxu||||| |||| 00| 0 eng d
020
_a
053455458X
041
_a
eng
080
_a
070
100
_a
39
101
_a
MED
245
_a
Introduction to communication
_c
Verderber,R.F
942
_2
udc
_c
BK
999
_c
40292
_d
40292